Christanity In India / (Record no. 3068)
[ view plain ]
| 000 -LEADER | |
|---|---|
| fixed length control field | 00647nac a22001931u 4500 |
| 020 ## - INTERNATIONAL STANDARD BOOK NUMBER | |
| International Standard Book Number | 8121201438 |
| 082 ## - DEWEY DECIMAL CLASSIFICATION NUMBER | |
| Classification number | 200.954 |
| Item number | M4536 |
| 090 ## - LOCALLY ASSIGNED LC-TYPE CALL NUMBER (OCLC); LOCAL CALL NUMBER (OCLC) | |
| -- | 3068 |
| -- | 3068 |
| 100 ## - MAIN ENTRY--PERSONAL NAME | |
| Personal name | Mayhew ,Arthur. |
| 245 ## - TITLE STATEMENT | |
| Title | Christanity In India / |
| Remainder of title | Arthur Mayhew. |
| 260 ## - PUBLICATION, DISTRIBUTION, ETC. (IMPRINT) | |
| Place of publication, distribution, etc | Delhi:1988. |
| Name of publisher, distributor, etc | Gain Publishing House, |
| Date of publication, distribution, etc | c.1988. |
| 300 ## - PHYSICAL DESCRIPTION | |
| Extent | 160p.; |
| Other physical details | 20cm. |
| 500 ## - GENERAL NOTE | |
| General note | Donations. |
| 500 ## - GENERAL NOTE | |
| General note | Donations - Dr. Mostafa Gouda. |
| 504 ## - BIBLIOGRAPHY, ETC. NOTE | |
| Bibliography, etc | Including Index. |
| 650 ## - SUBJECT ADDED ENTRY--TOPICAL TERM | |
| Topical term or geographic name as entry element | Christianity--India. |
| 942 ## - ADDED ENTRY ELEMENTS (KOHA) | |
| Item type | Book - Borrowing |
| Call number prefix | 200.954M4536 |
| Withdrawn status | Item status | Damaged status | Not for loan | Home library | Current library | Shelving location | Date acquired | Source of acquisition | Total Checkouts | Total Renewals | Full call number | Barcode | Date last seen | Date last borrowed | Koha item type |
|---|---|---|---|---|---|---|---|---|---|---|---|---|---|---|---|
| Central Library | Central Library | Lower Floor | 18/03/2007 | Purchase | 1 | 1 | 200.954 MAY | 000001118 | 15/07/2025 | 21/10/2014 | Book - Borrowing |